| 000 | 01007nam a22002657a 4500 | ||
|---|---|---|---|
| 005 | 20180228135849.0 | ||
| 008 | 160816b xxu||||| |||| 00| 0 eng d | ||
| 010 | _a1617EN B-652695-702 | ||
| 020 |
_a9788175245433 _c800.00 |
||
| 035 | _aB-652695-702 | ||
| 035 | _aB-667645 | ||
| 035 | _aEN-78913 | ||
| 037 | _bKKP | ||
| 040 | _aDPL | ||
| 082 | _a796.019 | ||
| 100 | _aSinku Kumar Singh | ||
| 245 |
_aPsychology of sports / _cby Sinku Kumar Singh |
||
| 260 |
_aNew Delhi _bKhel Sahitya Kendra _c2016 |
||
| 270 |
_a7/26, Ansari road, Darya Ganj _bNew Delhi _e110002 |
||
| 300 |
_a 288p. _c22 cm.(Hb) |
||
| 650 |
_aSports _xPsychological aspects |
||
| 942 |
_2ddc _cEN _mSIN _h796.019 |
||
| 999 |
_c102367 _d102367 |
||